000 00512nam a2200181Ia 4500
005 20250326141757.0
008 250326s9999 xx 000 0 und d
037 _aTextbook
040 _aFMSL
_beng
_cFMSL
041 _aeng
_2eng
084 _aX:8 N6
_qFMSL
100 _aBruce Robert
_9745056
245 0 _aHow small business achieve excellence winners
_cBruce Robert
260 _aLondon
_bLondon, Sidgwic & Jackson
_c1986
300 _a144p
942 _cTB
_hX:8 N6
999 _c1291922
_d1291922